Vocabulary for the high school student. (Record no. 15031)

000 -LEADER
fixed length control field 00553nam a2200181 a 4500
001 - CONTROL NUMBER
control field :::00012869$&:&@@
003 - CONTROL NUMBER IDENTIFIER
control field OkBaRHE
005 - DATE AND TIME OF LATEST TRANSACTION
control field 20000607103423.0
008 - FIXED-LENGTH DATA ELEMENTS--GENERAL INFORMATION
fixed length control field s1972 j 000 0 eng u
040 ## - CATALOGING SOURCE
Transcribing agency
100 1# - MAIN ENTRY--PERSONAL NAME
Personal name Levine, Harold.
245 10 - TITLE STATEMENT
Title Vocabulary for the high school student.
260 ## - PUBLICATION, DISTRIBUTION, ETC. (IMPRINT)
Place of publication, distribution, etc New York, NY., :
Name of publisher, distributor, etc AMSCO School Publications, Inc.
Date of publication, distribution, etc c1972
300 ## - PHYSICAL DESCRIPTION
Extent 320 p. ;
Dimensions 21 cm.
650 ## - SUBJECT ADDED ENTRY--TOPICAL TERM
Topical term or geographic name as entry element Vocabulary
942 ## - ADDED ENTRY ELEMENTS (KOHA)
Source of classification or shelving scheme
Koha item type Books
Copies
Source of classification or shelving scheme Date acquired Lost status Withdrawn status Price effective from Barcode Not for loan Date last seen Shelving location Damaged status Permanent Location Full call number Koha item type Copy number
 2010-04-14  2010-04-1412869 2010-04-14General Stacks RHEMA Bible Training CollegePE 1449 .L4Books1